000 00782nam a2200253Ia 4500
003 OSt
005 20221005104156.0
006 a|||||r|||| 00| 0
007 ta
008 221004b |||||||| |||| 00| 0 hin d
024 _a32656
037 _cTextual
040 _aCRL
_cCRL
_bhin
041 _2hin
_ahin
082 _aO152:g, K6
100 _aनगेन्द्र
245 0 _aआलोचक की आस्था
246 _aĀlochak kī āsthā
260 _aदिल्ली
_bनेशनल पब्लिशिंग हाउस भारत
_c1966
300 _a176पृ.
_ccm.
650 _aहिन्दी साहित्य
942 _hO152:g, K6
_cTEXL
_2cc
999 _c1011949
_d1011949